Geography Quiz

Random Geography or City Quiz
Score 0/27 Timer 06:00
0 Plays Today
% Correct
Vicksburg
73.5%
Jackson
70.6%
Hernando
64.7%
Pascagoula
64.7%
Clarksdale
63.2%
Natchez
63.2%
Greenville
61.8%
Tupelo
58.8%
Oxford
58.8%
Holly Springs
57.4%
McComb
55.9%
Macon
55.9%
Kosciusko
52.9%
Indianola
52.9%
% Correct
Toomsuba
52.9%
Yazoo City
51.5%
Picayune
51.5%
Forest
50%
Iuka
45.6%
Starkville
44.1%
Waynesboro
42.6%
Magee
42.6%
Columbus
41.2%
Centreville
41.2%
Brookhaven
38.2%
Wiggins
38.2%
Lucedale
29.4%

You're not logged in!

Compare scores with friends on all Sporcle quizzes.
OR
Log In

Sporcle TV

Today on Sporcle TV


Watch our educational content, quiz creation guides, and fun videos on Sporcle TV.

Show Comments

Extras

Top Quizzes Today


Score Distribution

Paid Content

Your Account Isn't Verified!

In order to create a playlist on Sporcle, you need to verify the email address you used during registration. Go to your Sporcle Settings to finish the process.

Report this User

Report this user for behavior that violates our Community Guidelines.

Details: